FANS / NSAID - Statistics

Statistiche generali
  • Questo quiz è stato fatto 12 volte
  • Il punteggio medio è 2 su 23
Statistiche sulle risposte
Risposta % Corretto
paracetamolo
57%
nimesulide
43%
DICLOFENAC Voltaren
29%
etoricoxib
29%
altri fans
14%
coxiB
14%
derivati dell'acido acetico
14%
IBUPROFENE brufen
14%
KETOROLAC Toradol
14%
Acido acetilsalicidico aspirina
0%
acido mefenamico
0%
Analgesici non oppioidi
0%
celecoxib
0%
derivati dell'acido propionico
0%
derivati dell'acido salicilico
0%
fenamati
0%
metamizolo
0%
nabumetone
0%
NAPROXENE Momendol
0%
Oxicam derivati
0%
parecoxib
0%
piroxicam
0%
propifenazolo
0%
Nessun quiz corrispondente trovato
Distribuzione punteggi
Percentuale di utenti per punteggio
Percentile per numero di risposta
I tuoi punteggi nel tempo
Non hai fatto questo quiz